[Event "Saarlouis op 7th"]
[Site "Saarlouis"]
[Date "2004.05.21"]
[Round "4"]
[White "Emser, Heinrich"]
[Black "Gretscher, Werner"]
[Result "0-1"]
[WhiteElo "1702"]
[BlackElo "1443"]
[PlyCount "62"]
[EventDate "2004.05.19"]
[EventType "swiss"]
[EventRounds "7"]
[EventCountry "GER"]
[SourceTitle "EXT 2006"]
[Source "ChessBase"]
[SourceDate "2005.11.24"]
[SourceVersion "1"]
[SourceVersionDate "2005.11.24"]
[SourceQuality "1"]

1. e4 e6 2. d4 d5 3. Nd2 c5 4. exd5 exd5 5. Ngf3 Nc6 6. c3 Nf6 7. Bb5 a6 8. Bxc6+ bxc6 9. 0-0 Bd6 10. Re1+ Be6 11. Ne5 Qc7 12. f4 0-0 13. Qf3 Nd7 14. Nf1 f6 15. Nd3 Bf5 16. Nf2 cxd4 17. g4 Bc2 18. cxd4 Qb6 19. Re2 Ba4 20. Re6 Bc7 21. b3 Qxd4 22. Rb1 Bb5 23. Bb2 Qxf4 24. Qg2 Rae8 25. Rbe1 Ne5 26. Rxe8 Rxe8 27. Bxe5 Rxe5 28. Rxe5 Bxe5 29. a4 Bxf1 30. Kxf1 Bd4 31. Ke1 Bxf2+ 0-1

[Event "Saarlouis op 7th"]
[Site "Saarlouis"]
[Date "2004.05.19"]
[Round "1"]
[White "Gretscher, Werner"]
[Black "Sadjadi, Said"]
[Result "1/2-1/2"]
[WhiteElo "1453"]
[BlackElo "2043"]
[PlyCount "39"]
[EventDate "2004.05.19"]
[EventType "swiss"]
[EventRounds "7"]
[EventCountry "GER"]
[SourceTitle "EXT 2006"]
[Source "ChessBase"]
[SourceDate "2005.11.24"]
[SourceVersion "1"]
[SourceVersionDate "2005.11.24"]
[SourceQuality "1"]

1. d4 d5 2. f4 c5 3. e3 cxd4 4. exd4 Nc6 5. c3 Nf6 6. Bd3 Bg4 7. Nf3 Qb6 8. h3 Bxf3 9. Qxf3 e6 10. 0-0 Bd6 11. Kh1 h5 12. g3 0-0-0 13. Kg2 Kb8 14. b4 g6 15. g4 Rh7 16. Na3 Rdh8 17. Nb5 Qd8 18. Nxd6 Qxd6 19. f5 e5 20. fxg6 1/2-1/2

[Event "Saarlouis op 6th"]
[Site "Saarlouis"]
[Date "2003.06.01"]
[Round "7"]
[White "Gretscher, Werner"]
[Black "Kretschmer, Thomas"]
[Result "0-1"]
[WhiteElo "1397"]
[BlackElo "1900"]
[PlyCount "70"]
[EventDate "2003.05.??"]
[EventType "swiss"]
[EventRounds "7"]
[EventCountry "GER"]
[SourceTitle "EXT 2006"]
[Source "ChessBase"]
[SourceDate "2005.11.24"]
[SourceVersion "1"]
[SourceVersionDate "2005.11.24"]
[SourceQuality "1"]

1. d4 d5 2. f4 Nf6 3. e3 Bg4 4. Be2 Bxe2 5. Qxe2 c6 6. Nf3 e6 7. 0-0 Nbd7 8. Ne5 Be7 9. Nd2 0-0 10. Ndf3 Ne4 11. Nd2 Ndf6 12. g4 Nxd2 13. Bxd2 Ne4 14. Be1 f6 15. Nd3 Qc7 16. Nf2 Nxf2 17. Rxf2 Bd6 18. Bc3 e5 19. fxe5 fxe5 20. Raf1 Rxf2 21. Rxf2 Re8 22. Qf1 b5 23. a3 a5 24. b4 exd4 25. Bxd4 axb4 26. axb4 Bxb4 27. Rf5 Bd6 28. Qf2 Qe7 29. Qf3 Qe4 30. Qxe4 Rxe4 31. Rg5 g6 32. h4 Be7 33. Re5 Rxe5 34. Bxe5 Bxh4 35. Kg2 Kf7 0-1

[Event "Saarlouis op 6th"]
[Site "Saarlouis"]
[Date "2003.05.31"]
[Round "6"]
[White "Zoelch, Andre"]
[Black "Gretscher, Werner"]
[Result "1/2-1/2"]
[WhiteElo "1660"]
[BlackElo "1397"]
[PlyCount "135"]
[EventDate "2003.05.??"]
[EventType "swiss"]
[EventRounds "7"]
[EventCountry "GER"]
[SourceTitle "EXT 2006"]
[Source "ChessBase"]
[SourceDate "2005.11.24"]
[SourceVersion "1"]
[SourceVersionDate "2005.11.24"]
[SourceQuality "1"]

1. e4 c5 2. Nc3 d6 3. g3 Nc6 4. Bg2 e6 5. Nge2 Be7 6. 0-0 Rb8 7. d4 cxd4 8. Nxd4 a6 9. Be3 Qc7 10. a4 Bf6 11. Kh1 Nge7 12. f4 0-0 13. g4 Nxd4 14. Bxd4 Bxd4 15. Qxd4 e5 16. Qd1 exf4 17. Rxf4 Ng6 18. Rf2 Be6 19. h3 Nh4 20. Rd2 Rfd8 21. Bf1 Qb6 22. Rb1 Rbc8 23. Kh2 Qc5 24. Qe2 Bc4 25. Qf2 Qe5+ 26. Kg1 Bxf1 27. Rxf1 Qc5 28. Rd3 Qxf2+ 29. Kxf2 Ng6 30. Rfd1 Rc6 31. Kg3 Ne5 32. Rd5 Nc4 33. R1d3 Nxb2 34. Rf3 Rdc8 35. Nd1 Nxa4 36. Rfd3 Nc5 37. R3d4 Ne6 38. Rd2 Nc5 39. Kf3 Re8 40. Nf2 Re6 41. e5 Nd7 42. exd6 Kf8 43. Ne4 h6 44. h4 Ke8 45. Ng3 Ne5+ 46. Kf4 Ng6+ 47. Kf3 Nxh4+ 48. Kf2 Kd7 49. Rh5 g5 50. Ne2 Rcxd6 51. Nd4 Re4 52. c3 Rxg4 53. Ke3 Rg3+ 54. Ke4 Rxc3 55. Rf2 Rc4 56. Rxf7+ Ke8 57. Rxb7 Rcxd4+ 58. Ke5 R4d5+ 59. Ke4 a5 60. Ra7 Rf5 61. Rxh4 gxh4 62. Kxf5 h3 63. Rxa5 h2 64. Ra1 Rd2 65. Kf4 Rg2 66. Rh1 h5 67. Kf3 Ra2 68. Kg3 1/2-1/2

[Event "Saarlouis op 5th"]
[Site "Saarlouis"]
[Date "2002.06.01"]
[Round "8"]
[White "Gretscher, Werner"]
[Black "Wolf, Margot"]
[Result "1-0"]
[WhiteElo "1698"]
[BlackElo "1244"]
[PlyCount "43"]
[EventDate "2002.05.??"]
[EventType "swiss"]
[EventRounds "9"]
[EventCountry "GER"]
[SourceTitle "EXT 2006"]
[Source "ChessBase"]
[SourceDate "2005.11.24"]
[SourceVersion "1"]
[SourceVersionDate "2005.11.24"]
[SourceQuality "1"]

1. d4 d5 2. e3 e6 3. f4 Nf6 4. Nf3 Nbd7 5. Bd3 c5 6. c3 cxd4 7. exd4 Bd6 8. 0-0 0-0 9. Ne5 Be7 10. Nd2 b6 11. Nc6 Qe8 12. Qe2 Bd6 13. Nf3 Bb7 14. Nce5 h6 15. g4 Be7 16. h4 g6 17. Qg2 Nxe5 18. Nxe5 Kg7 19. f5 exf5 20. gxf5 Nh7 21. fxg6 Nf6 22. gxf7+ 1-0

[Event "Saarlouis op 5th"]
[Site "Saarlouis"]
[Date "2002.05.31"]
[Round "7"]
[White "Schorn, Siegfried"]
[Black "Gretscher, Werner"]
[Result "1-0"]
[WhiteElo "1415"]
[BlackElo "1698"]
[PlyCount "65"]
[EventDate "2002.05.??"]
[EventType "swiss"]
[EventRounds "9"]
[EventCountry "GER"]
[SourceTitle "EXT 2006"]
[Source "ChessBase"]
[SourceDate "2005.11.24"]
[SourceVersion "1"]
[SourceVersionDate "2005.11.24"]
[SourceQuality "1"]

1. e4 c5 2. Nf3 d6 3. Bb5+ Bd7 4. Bxd7+ Nxd7 5. 0-0 Ngf6 6. Re1 g6 7. c3 Qc7 8. d4 Bg7 9. d5 0-0 10. c4 Nb6 11. Qe2 Qd7 12. Nc3 a6 13. Rb1 Rae8 14. b3 Ng4 15. Bb2 f5 16. Ng5 Bd4 17. Nd1 e5 18. dxe6 Rxe6 19. Nxe6 Qxe6 20. Bxd4 cxd4 21. exf5 Qxf5 22. Qe6+ Qxe6 23. Rxe6 Nc8 24. Re4 Nh6 25. Rxd4 Nf5 26. Rf4 Re8 27. Kf1 Rf8 28. Rf3 Nfe7 29. Ne3 Nc6 30. Nf5 gxf5 31. Rd1 Ne5 32. Rg3+ Kh8 33. Rxd6 1-0

[Event "Saarlouis op 5th"]
[Site "Saarlouis"]
[Date "2002.05.26"]
[Round "2"]
[White "Gretscher, Werner"]
[Black "Bartoszek, Norbert"]
[Result "1-0"]
[WhiteElo "1698"]
[BlackElo "1066"]
[PlyCount "51"]
[EventDate "2002.05.??"]
[EventType "swiss"]
[EventRounds "9"]
[EventCountry "GER"]
[SourceTitle "EXT 2006"]
[Source "ChessBase"]
[SourceDate "2005.11.24"]
[SourceVersion "1"]
[SourceVersionDate "2005.11.24"]
[SourceQuality "1"]

1. d4 Nf6 2. Nc3 e6 3. e4 Bb4 4. Bd3 Bxc3+ 5. bxc3 d5 6. e5 Ne4 7. Ne2 h6 8. f3 Ng5 9. 0-0 Nc6 10. Ng3 g6 11. f4 Ne4 12. Nxe4 dxe4 13. Bxe4 Bd7 14. Qf3 Qe7 15. Rb1 0-0-0 16. Be3 Qa3 17. Rb3 Qxa2 18. Rfb1 Qa6 19. Bd3 Qa5 20. Rxb7 Be8 21. Be4 Rd5 22. c4 Rxd4 23. Bxc6 Bxc6 24. Qxc6 Qb6 25. R7xb6 axb6 26. Qa8+ 1-0

[Event "Saarlouis op 5th"]
[Site "Saarlouis"]
[Date "2002.05.25"]
[Round "1"]
[White "Daum, Dieter"]
[Black "Gretscher, Werner"]
[Result "1-0"]
[WhiteElo "2159"]
[BlackElo "1698"]
[PlyCount "121"]
[EventDate "2002.05.??"]
[EventType "swiss"]
[EventRounds "9"]
[EventCountry "GER"]
[SourceTitle "EXT 2006"]
[Source "ChessBase"]
[SourceDate "2005.11.24"]
[SourceVersion "1"]
[SourceVersionDate "2005.11.24"]
[SourceQuality "1"]

1. Nf3 c5 2. g3 d6 3. Bg2 Nc6 4. 0-0 Bd7 5. e4 e6 6. d3 Be7 7. c3 Nf6 8. Nbd2 Qc7 9. Qe2 0-0 10. a4 Rfe8 11. Nc4 h6 12. e5 dxe5 13. Nfxe5 Rad8 14. Bf4 Nd5 15. Qh5 Rf8 16. Nxc6 Qxc6 17. Bd2 Qc7 18. Rfe1 Bc6 19. Qe2 Nf6 20. Bf4 Qd7 21. Ne5 Qe8 22. Nxc6 bxc6 23. Rad1 Nd5 24. Bc1 Bf6 25. Qg4 Kh8 26. Qc4 Qe7 27. f4 g6 28. Be3 Nxe3 29. Rxe3 Qd6 30. Rde1 Bg7 31. Qa6 Qc7 32. Qxc6 Qxc6 33. Bxc6 Rb8 34. R3e2 Rfd8 35. Bb5 Rb6 36. Rf1 Rdb8 37. Rff2 Rd6 38. Bc4 Rdb6 39. Kg2 a5 40. g4 Bf6 41. Kg3 Kg7 42. Bb5 Be7 43. f5 Bd6+ 44. Kg2 gxf5 45. gxf5 Be7 46. fxe6 Rxe6 47. Rxe6 fxe6 48. Bc4 Rb6 49. Kf3 Bh4 50. Rg2+ Kf6 51. Ke4 Bg5 52. Rf2+ Ke7 53. Ke5 Bc1 54. Bb5 Rd6 55. Rg2 Rd5+ 56. Ke4 Rg5 57. Rc2 Rg4+ 58. Kf3 Rf4+ 59. Ke2 Bxb2 60. Rxb2 Rh4 61. Kf3 1-0

[Event "Saarlouis op 4th"]
[Site "Saarlouis"]
[Date "2001.05.25"]
[Round "7"]
[White "Gretscher, Werner"]
[Black "Pook, Rainer"]
[Result "0-1"]
[WhiteElo "1000"]
[BlackElo "1780"]
[PlyCount "54"]
[EventDate "2001.05.??"]
[EventType "swiss"]
[EventRounds "9"]
[EventCountry "GER"]
[SourceTitle "EXT 2006"]
[Source "ChessBase"]
[SourceDate "2005.11.24"]
[SourceVersion "1"]
[SourceVersionDate "2005.11.24"]
[SourceQuality "1"]

1. d4 c6 2. Nc3 d5 3. e4 dxe4 4. f3 exf3 5. Nxf3 Nf6 6. a3 e6 7. Bd3 Bd6 8. 0-0 Nbd7 9. Qe2 Nf8 10. Bg5 Qb6 11. Na4 Qc7 12. c4 Ng6 13. g3 Bd7 14. Nc3 0-0-0 15. c5 Be7 16. Ne5 Be8 17. Nxg6 hxg6 18. Bf4 Qd7 19. Qe5 Qxd4+ 20. Qxd4 Rxd4 21. Be2 Nd5 22. Nxd5 exd5 23. Be5 Re4 24. Bxg7 Bxc5+ 25. Kh1 Rh7 26. Rae1 Rxg7 27. Bg4+ Bd7 0-1

[Event "Saarlouis op 4th"]
[Site "Saarlouis"]
[Date "2001.05.23"]
[Round "4"]
[White "Gretscher, Werner"]
[Black "Rau, Dietmar"]
[Result "1-0"]
[WhiteElo "1000"]
[BlackElo "1658"]
[PlyCount "43"]
[EventDate "2001.05.??"]
[EventType "swiss"]
[EventRounds "9"]
[EventCountry "GER"]
[SourceTitle "EXT 2006"]
[Source "ChessBase"]
[SourceDate "2005.11.24"]
[SourceVersion "1"]
[SourceVersionDate "2005.11.24"]
[SourceQuality "1"]

1. d4 Nf6 2. Nc3 d5 3. e4 dxe4 4. f3 Bf5 5. Be3 e6 6. a3 Nd5 7. Nxd5 exd5 8. Qd2 Be7 9. 0-0-0 0-0 10. g4 Bg6 11. Bg2 f5 12. gxf5 Bxf5 13. fxe4 Bg4 14. Ne2 Bf3 15. Rhg1 dxe4 16. Bh3 Kh8 17. Rxg7 Kxg7 18. Nf4 Rxf4 19. Bxf4 Kf7 20. Rg1 Bf6 21. d5 Qe7 22. Be6+ 1-0

[Event "Saarlouis op 4th"]
[Site "Saarlouis"]
[Date "2001.05.20"]
[Round "2"]
[White "Fleckner, Hans"]
[Black "Gretscher, Werner"]
[Result "0-1"]
[WhiteElo "1790"]
[BlackElo "1000"]
[PlyCount "48"]
[EventDate "2001.05.??"]
[EventType "swiss"]
[EventRounds "9"]
[EventCountry "GER"]
[SourceTitle "EXT 2006"]
[Source "ChessBase"]
[SourceDate "2005.11.24"]
[SourceVersion "1"]
[SourceVersionDate "2005.11.24"]
[SourceQuality "1"]

1. e4 c5 2. Nf3 Nc6 3. d4 cxd4 4. Nxd4 Nf6 5. Nc3 a6 6. Bc4 d6 7. 0-0 e6 8. Bb3 Be7 9. Kh1 0-0 10. f4 Qc7 11. Be3 Bd7 12. Qe2 Rad8 13. f5 Na5 14. fxe6 Nxb3 15. exf7+ Rxf7 16. cxb3 Rdf8 17. Rac1 Bg4 18. Qd3 Qd7 19. Nf5 Bd8 20. Qxd6 Bxf5 21. Bc5 Be7 22. Qb6 Bxc5 23. Qxc5 Bxe4 24. Qc4 Bd3 0-1